Vedecké základy riadenia socialistickej ekonomiky

Salvato in:
Dettagli Bibliografici
Autore principale: Laučík, Zdenko
Natura: Libro
Lingua:slovacco
Pubblicazione: Bratislava Práca 1980
Edizione:2. dopln. a preprac. vyd.
Tags: Aggiungi Tag
Nessun Tag, puoi essere il primo ad aggiungerne!!

MARC

LEADER 00000nam a2200000 4500
001 c140056
005 20050301104153.7
041 0 |a slo 
044 |a SK 
245 1 0 |a Vedecké základy riadenia socialistickej ekonomiky  |c Zdenko Laučík a kol. 
250 |a 2. dopln. a preprac. vyd. 
264 1 |a Bratislava  |b Práca  |c 1980 
300 |a 426 s. 
100 1 |a Laučík, Zdenko